00589nam a22001817a 4500999001900000005001700019010001500036020002300051035001400074037001300088082001300101100004900114245009300163260004100256270006300297300002000360942002700380 c196790d19679020230727153520.0 aENG-137623 a8177694502c295.00 aEN-121155 bDBAD/PUB a294.5092 acccccccccccccccccccccccccccccccccccccc, Dada aIntelligence Beyond ThoughtcEdited by Dada GavandhENGbExploding the mechanism of mind bPilgrims Publishing c2006aVaranasi aB.27/98 A-8, Nawabganj, Road, DurgakundbVaranashie221010 a397p.c23cm(hb) 2ddccENh294.5092kGAV